000 00634cam a2200229 4500
008 090401t1986 xxu||||| |||| 00| 0 eng d
020 _a0851397654
035 _a(Sirsi) u17946
041 _aeng
050 _a727.8
100 _aKonya, Allan
245 _aLibraries : a briefing and design guide
260 _aLondon
_bArchitectural Press
_c1986
300 _a182p. : ill. ; 24 x 24cm.
350 _a24.95
490 _aArchitectural Press Briefing and Design Guide
_v1
650 _aARCHITECTURE
650 _aBUILT ENVIRONMENT-CONSTRUCTION DESIGN
650 _aLIBRARY BUILDINGS
942 _n0
948 _c04/03/1997
999 _c87559
_d87559